La Patum : festa d'interès turístic : dies 13, 14, 15, 16 i 17 de juny de 1979, Festivitat del Corpus Christi festa d'interès turístic :
Descripción Física:
[24] p. : il. col. ; 21 cm
MARC
| LEADER | 00000nam a2200000Ia 4500 | ||
|---|---|---|---|
| 001 | 19497 | ||
| 008 | 160829s1979 xx 000 0 cat d | ||
| 080 | |a FU-7-19 | ||
| 245 | |a La Patum : |b festa d'interès turístic : |b dies 13, 14, 15, 16 i 17 de juny de 1979, Festivitat del Corpus Christi | ||
| 260 | |a Berga : |b Gràfiques Molins, |c 1979 | ||
| 300 | |a [24] p. : |b il. col. ; |c 21 cm | ||
| 590 | |a A la portada: Ciutat de Berga. | ||
| 590 | |a Prové de S-514, exp. 206 | ||
| 650 | |a Corpus Christi |x Berga |9 47837 | ||
| 650 | |a Festes majors |x Programes |x Berga |9 47838 | ||
| 901 | |a Arxiu | ||
| 942 | |n 1 | ||
| 952 | |0 0 |1 0 |4 0 |6 FU719 |7 1 |9 54144 |a Arxiu |b Arxiu |d 2016-12-01 |l 0 |o FU-7-19 |p 19497 |r 2016-12-01 00:00:00 |w 2016-12-01 |y ARXIU | ||
| 999 | |c 58013 |d 58013 | ||